00573cam a2200193 a 4500001000800000005001700008008004100025010001700066020001500083040002300098041000800121060002400129080002100153082002500174100000600199101000800205245010200213504006400315399848120180208035532.0960626s1996 caua bf 001 0 eng c a 96026450  a1565936361 aDNLM/DLCcDLCdDLC aeng10aWL 340.2 R845i 1996 a616.8550651 rot00a616.8550651 rot2201 a9 apat10aTreatment resource manual for speech-language pathology /cFroma P. Roth, Colleen K. Worthington. aIncludes bibliographical references (p. 312-319) and index.